Szczegóły MARC21

Liderzy w społecznościach lokalnych /

003 -Nazwa inst., której nr kontr. jest w polu 001 [,]
    • @
    • Nazwa instytucji, której n kontrolny jest w polu 001
    • NUKAT
005 -DATA I CZAS OSTATNIEJ MODYFIKACJI [,]
    • @
    • pole kontrolne
    • 20241231113043.0
040 -Instytucja sporządzająca opis [ , ]
    • a
    • Instytucja, która sporządziła opis (NP)
    • LUBL M/AB
    • c
    • Instytucja, która sporządziła rekord (NP)
    • LUBL M/AB
    • d
    • Instytucja, która zmodyfikowała rekord (P)
    • LUBL M/ABs
    • d
    • Instytucja, która zmodyfikowała rekord (P)
    • LUBL M/IK
942 -Rodzaj dokumentu [ , ]
    • c
    • Rodzaj dokumentu
    • Książka
100 -Hasło główne - nazwa osobowa [1, ]
    • a
    • Nazwa osobowa (NP)
    • Dzieńdziura, Krzysztof.
    • 9
    • KHW
    • 11597
245 -Strefa tytułu i oznaczenia odpowiedzialności [1,0]
    • a
    • Tytuł
    • Liderzy w społecznościach lokalnych / Find
    • c
    • Pozostałe elementy strefy tytułu i oznaczenia odpowiedzialności (NP)
    • Krzysztof Dzieńdziura.
260 -Strefa adresu wydawniczego [ , ]
    • a
    • Miejsce wydania (P)
    • Zielona Góra :
    • b
    • Nazwa wydawcy (P)
    • Lubuskie Towarzystwo Naukowe,
    • c
    • Data wydania (P)
    • 1994.
300 -Strefa opisu fizycznego [ , ]
    • a
    • Określenie formy książki i/lub objętość (NP)
    • 176 s. :
    • b
    • Oznaczenie ilustracji (NP)
    • mapa, rys., wykr. ;
    • c
    • Format (NP)
    • 24 cm.
336 -Typ zawartości [ , ]
    • a
    • Termin opisujący typ zawartości
    • Tekst
    • b
    • Kod określający zawartość
    • txt
    • 2
    • Źródło (terminu i kodu)
    • rdacontent
337 -Typ mediów [ , ]
    • a
    • Tryb odtwarzania
    • Bez urządzenia pośredniczącego
    • b
    • Kod typu mediów
    • n
    • 2
    • Źródło (terminu i kodu)
    • rdamedia
338 -Typ/rodzaj nośnika [ , ]
    • a
    • Hasło opisujące typ nośnika
    • Wolumin
    • b
    • Kod typu nośnika
    • nc
    • 2
    • Źródło (terminu i kodu)
    • rdacarrier
504 -Uwaga dot. bibliogr. załącznikowej [ , ]
    • a
    • Uwaga dot. bibliografii załącznikowej
    • Bibliogr. s. 137-140.
080 -Uniwersalna Klasyfikacja Dziesiętna [ , ]
    • a
    • Symbol klasyfikacji
    • 316.45/.47(438)
080 -Uniwersalna Klasyfikacja Dziesiętna [ , ]
    • a
    • Symbol klasyfikacji
    • :316.65(438)
650 -Hasło przedmiotowe [ ,7]
    • a
    • Hasło przedmiotowe
    • Prestiż.
    • 2
    • Źródło terminu
    • kaba
    • 9
    • KHW
    • 125900
650 -Hasło przedmiotowe [ ,7]
    • a
    • Hasło przedmiotowe
    • Grupy społeczne.
    • 2
    • Źródło terminu
    • kaba
    • 9
    • KHW
    • 110614
650 -Hasło przedmiotowe [ ,7]
    • a
    • Hasło przedmiotowe
    • Trening interpersonalny.
    • 2
    • Źródło terminu
    • kaba
    • 9
    • KHW
    • 131282
650 -Hasło przedmiotowe [ ,7]
    • a
    • Hasło przedmiotowe
    • Samorząd lokalny
    • x
    • Określnik rzeczowy
    • aspekt społeczny.
    • 2
    • Źródło terminu
    • kaba
    • 9
    • KHW
    • 381440
650 -Hasło przedmiotowe [ ,7]
    • a
    • Hasło przedmiotowe
    • Przywództwo lokalne.
    • 2
    • Źródło terminu
    • kaba
    • 9
    • KHW
    • 162702
980 -Symbol UKD [ , ]
    • a
    • UKD
    • 316.45/.47:316.65](438)
Numer inwentarzowy Status udost. Data inwentaryzacji Lokalizacja
Pd.1062111998-01-12BG